00473nam a22001577a 450000500170000001000150001702000260003203500140005803700090007208200170008110000220009824500780012026000290019827000680022730000200029520240805144811.0 aENG-141223 a9789391772994c330.00 aEN-124754 bDBAD a658.32First aDevasena, S.Valli aHuman Resource Management and Collective Bargaining/cby S.Valli Devasena aChennaibForschungc2024 a303, Uni Homes phase 2, Malrojapuram, kandigaibChennaie600127 a205P;c22cm(Pb)